|
|
|
|
| LEADER |
00000nam a2200000 a 4500 |
| 001 |
1/109629 |
| 008 |
160119s1992####gr | || ||||||||gre|| |
| 040 |
|
|
|a GR-MyUa
|b gre
|c GR-MyUa
|e AACR2
|
| 041 |
0 |
|
|a gre
|
| 082 |
7 |
|
|a 759.046
|2 (23)
|
| 100 |
1 |
|
|a Χρήστου, Χρύσανθος,
|d 1922-2016.
|
| 245 |
1 |
2 |
|a Η ευρωπαϊκή ζωγραφική του 17ου αιώνα :
|b το μπαρόκ /
|c Χρύσανθου Χρήστου.
|
| 260 |
|
|
|a Θεσσαλονίκη :
|b Βάνιας,
|c 1992.
|
| 300 |
|
|
|a 516 σ. :
|b εικ. ;
|c 24 εκ.
|
| 504 |
|
|
|a Περιλαμβάνει βιβλιογραφίες.
|
| 650 |
|
0 |
|a Painting, European
|y 17th century.
|
| 650 |
|
0 |
|a Painting, Baroque.
|
| 852 |
|
|
|a INST
|b SYROS
|c EUDOXUS
|e 20160119
|h 759.046 ΧΡΗ
|p 005500011859
|q 005500011859
|t BK
|y 0
|
| 920 |
|
|
|a Εύδοξος
|b Παραγγελία
|y Σύρος-ΤΜΣΠΣ
|z 2016-01
|
| 970 |
|
|
|a Κοντού
|b Παρασκευή
|z 19/01/2016
|